Crónica de la Iglesia Católica de Lituania: acontecimientos recopilados y publicados
Enregistré dans:
| Format: | Livre |
|---|---|
| Langue: | espagnol |
| Publié: |
Chicago
Asociación de la Crónica de Lituania
1986
|
| Sujets: | |
| Tags: |
Ajouter un tag
Pas de tags, Soyez le premier à ajouter un tag!
|
MARC
| LEADER | 00000nam a2200000 a 4500 | ||
|---|---|---|---|
| 001 | UCW8151 | ||
| 003 | CL-VaPUC | ||
| 008 | 880606e19860000US |||||||||||||||||spa|d | ||
| 082 | 0 | 4 | |a 274.75 |b CRO |2 21 |
| 245 | 1 | 0 | |a Crónica de la Iglesia Católica de Lituania: acontecimientos recopilados y publicados |
| 942 | |c BK | ||
| 945 | |d 19880606 00:00:00 |a aalvarez | ||
| 260 | |a Chicago |b Asociación de la Crónica de Lituania |c 1986 | ||
| 600 | 0 | |a Iglesia católica |9 255129 | |
| 651 | 7 | |a LITUANIA |2 CL-VaPUC |9 313258 | |
| 583 | |a last modification |c 19880606 00:00:00 |k Rodrigo Vera | ||
| 999 | |c 220613 |d 220611 | ||
| 952 | |0 0 |1 0 |4 0 |6 274_750000000000000_CRO_1986 |7 0 |8 A |9 213084 |a BIBTEO |b BIBTEO |d 2019-11-15 |h v.6 |i 2814196 |o 274.75 CRO 1986 |p 2814196 |r 2025-01-17 |w 2019-11-15 |y BK |k ICR | ||